| 000 | 00414nam a2200157 i 4500 | ||
|---|---|---|---|
| 001 | 39107 | ||
| 003 | ES-MaACL | ||
| 005 | 20230906155907.0 | ||
| 007 | t| | ||
| 008 | 030227s1910 it ||||1| ita d | ||
| 100 | 1 |
_aCall, A. Payson. _933678 |
|
| 245 | 1 | 0 |
_aForza e riposo / _cA. Payson Call. |
| 260 |
_aTorino : _bFratelli Bocca, _c1910 ( _fGuido Momo) |
||
| 300 |
_a209 p. ; _c20 cm. |
||
| 852 |
_aES-MaACL _jF-5974 |
||
| 999 |
_c39107 _d39107 |
||